000 00462cam a2200169 4500
001 D10281
008 090401t xxu||||| |||| 00| 0 eng d
035 _a(Sirsi) u94635
041 _aeng
050 _a692.8
100 _aBrett-Jones, A.T.
245 _aTendering procedures and contract arrangements
350 _a0
520 _aIn RICS. Tenth triennial conference of chartered quantity surveyors...1975. 1975/23 ABCDE
942 _n0
948 _c04/03/1997
999 _c98106
_d98106